Austria 2026 World Cup Squad - Statistics

General Stats
  • This quiz has been taken 5 times
  • The average score is 11 of 27
Answer Stats
Hint Answer % Correct
DF David Alaba
100%
MF Konrad Laimer
80%
MF Marcel Sabitzer
80%
FW Marko Arnautovic
80%
FW Michael Gregoritsch
80%
MF Cristoph Baumgartner
60%
DF Kevin Danso
60%
MF Alessandro Schöpf
40%
DF Alexander Prass
40%
GK Alexander Schlager
40%
MF Florian Grillitsch
40%
MF Nicolas Seiwald
40%
MF Patrick Wimmer
40%
DF Philipp Lienhart
40%
DF Philipp Mwene
40%
Ralf Ragnick
40%
MF Romano Schmid
40%
MF Xaver Schlager
40%
MF Carney Chukwuemeka
20%
DF David Affengruber
20%
GK Florian Wiegele
20%
GK Patrick Pentz
20%
MF Paul Wanner
20%
FW Sasa Kalajdzic
20%
DF Stefan Posch
20%
FW Marco Grüll
0%
DF Michal Svoboda
0%
No matching quizzes found
Score Distribution
Percent of People with Each Score
Percentile by Number Answered
Your Score History
You have not taken this quiz